Dezember 2025 - Quiz - Statistiken

Allgemein
  • Dieses Quiz wurde 31 mal gespielt
  • Das Durchschnittsergebnis liegt bei 8 aus 15
Antwortstatistiken
Datum Frage Antwort % Korrekt
5.12 Welcher Präsident erhält den FIFA-Friedenspreis? Donald Trump
90%
11.12 Welche Weltmeisterschaft beginnt im Londoner Alexandra Palace? Darts
80%
16.12 Das Aus von welchem "Aus" schlägt die EU-Kommission vor? Verbrenner
70%
10.12 In welchem Land tritt ein Social-Media-Verbot über unter 16-Jährige in Kraft? Australien
63%
28.12 Welche französische Schauspielerin, Sängerin und Fotomodell stirbt im Alter von 91 Jahren? Brigitte Bardot
60%
16.12 Gegen welchen Fernsehsender klagt Donald Trump wegen Verleumdung? BBC
57%
14.12 An welchem Strand ereignet sich ein Terroranschlag aufgrund des Chanukkafestes? Bondi Beach
57%
22.12 Welcher Sänger, der u.A. für "Driving Home for Christmas" bekannt ist, stirbt im Alter von 74 Jahren? Chris Rea
57%
5.12 Welches Paket beschließt der Bundestag? Rentenpaket
50%
30.12 In welchem Land stellt die staatliche Post den Betrieb ein? Dänemark
47%
7.12 Wer gewinnt die Formel 1-Weltmeisterschaft 2025? Lando Norris
43%
9.12 In welchem Land wird Andrej Babis neuer Ministerpräsident? Tschechien
40%
26.12 Welcher us-amerikanischer Schauspieler, Drehbuchautor, Produzent und Regisseur erhält die französische Staatsbürgerschaft? George Clooney
23%
14.12 Welcher us-amerkanischer Regisseur, der eigentlich Robert Norman heißt, stirbt zusammen mit seiner Frau? Rob Reiner
20%
5.12 Welches Wort wird von der Gesellschaft für deutsche Sprache zum Wort des Jahres gewählt. KI-Ära
17%
Keine übereinstimmenden Quizze gefunden
Verteilung der Resultate
Anzahl Personen mit jedem Resultat
Perzentil nach korrekt beantworteten Fragen
Ihre Resultats-Entwicklung
Sie haben dieses Quiz noch nicht gespielt